| 000 | 00696cab a2200253 4500 | ||
|---|---|---|---|
| 001 | WB3416-58 | ||
| 008 | 090401t1998 xxu||||| |||| 00| 0 eng d | ||
| 035 | _a(Sirsi) u85881 | ||
| 041 | _aeng | ||
| 245 | _aM6 toll road in the courts | ||
| 260 | _c1998 | ||
| 350 | _a0 | ||
| 490 |
_aFinancial Times _v27 April 1998, 8(1) |
||
| 520 | _aThe battle over the development of the UK`s first toll motorway at the M6 is due to be heard by the High Court. | ||
| 650 | _aBIRMINGHAM | ||
| 650 | _aGREENFIELD SITES | ||
| 650 | _aM6 | ||
| 650 | _aMOTORWAYS | ||
| 650 | _aTOLL ROADS | ||
| 650 | _aWEST MIDLANDS | ||
| 690 | _aTRANSPORT AND COMMUNICATIONS | ||
| 942 | _n0 | ||
| 948 | _c29/04/1998 | ||
| 999 |
_c54028 _d54028 |
||